Dôchodková reforma: najvyšší čas začať
Na Slovensku je nevyhnutné v čo najkratšom období prejsť od paternalistického systému sociálneho zabezpečenia k sociálnemu poisteniu. Diskriminačný systém súčasného dôchodkového systému na Slovensku. Vek odchodu do dôchodku, podiel obyvateľov nad 65 rokov a príspevkové sadzby v krajinách EÚ a v kraj...
Gespeichert in:
| 1. Verfasser: | |
|---|---|
| Format: | Buchkapitel |
| Sprache: | Slowakisch |
| Schlagworte: | |
| Tags: |
Keine Tags, Fügen Sie das erste Tag hinzu!
|
MARC
| LEADER | 00000naa a2200000 4500 | ||
|---|---|---|---|
| 001 | r042170 | ||
| 005 | 20230920073329.3 | ||
| 041 | 0 | |a slo | |
| 044 | |a SK | ||
| 245 | 1 | 0 | |a Dôchodková reforma: najvyšší čas začať |c Dagmar Krištofičová |
| 520 | |a Na Slovensku je nevyhnutné v čo najkratšom období prejsť od paternalistického systému sociálneho zabezpečenia k sociálnemu poisteniu. Diskriminačný systém súčasného dôchodkového systému na Slovensku. Vek odchodu do dôchodku, podiel obyvateľov nad 65 rokov a príspevkové sadzby v krajinách EÚ a v krajinách V4. Starnutie obyvateľstva vo svete. Zdroje základného fondu dôchodkového zabezpečenia v SR. Systém doplnkového dôchodkového zabezpečenia na Slovensku. Konštrukcia budúcich dôchodkov na Slovensku. | ||
| 610 | 2 | 0 | |a zabezpečenie dôchodkové |
| 610 | 2 | 0 | |a reformy |
| 610 | 2 | 0 | |a zabezpečenie sociálne |
| 610 | 2 | 0 | |a dôchodky |
| 610 | 2 | 0 | |a poistenie dôchodkové doplnkové |
| 610 | 2 | 0 | |a Európska únia |
| 610 | 2 | 0 | |a Slovensko |
| 610 | 2 | 0 | |a SVE |
| 100 | 1 | |a Krištofičová, Dagmar | |